Materialismo y religión (Record no. 18342)

MARC details
000 -LEADER
campo de control de longitud fija 00870nam a2200277 i 4500
001 - NÚMERO DE CONTROL
campo de control 18342
003 - IDENTIFICADOR DE NÚMERO DE CONTROL
campo de control ES-MaACL
005 - FECHA Y HORA DE LA ÚLTIMA TRANSACCIÓN
campo de control 20231222063028.0
007 - CAMPO FIJO DE DESCRIPCIÓN FÍSICA--INFORMACIÓN GENERAL
campo de control de longitud fija t|
008 - DATOS DE LONGITUD FIJA--INFORMACIÓN GENERAL
campo de control de longitud fija 011029s2000 sp ||||1| spa d
020 ## - NÚMERO INTERNACIONAL ESTÁNDAR DEL LIBRO
Número Internacional Estándar del Libro 84-7628-344-X
080 ## - NÚMERO DE LA CLASIFICACIÓN DECIMAL UNIVERSAL
Número de la Clasificación Decimal Universal 141.12"17"
080 ## - NÚMERO DE LA CLASIFICACIÓN DECIMAL UNIVERSAL
Número de la Clasificación Decimal Universal 215"17"
100 1# - ENTRADA PRINCIPAL--NOMBRE DE PERSONA
Nombre de persona Moscoso, Javier,
Fechas asociadas al nombre 1966-
9 (RLIN) 83750
245 10 - MENCIÓN DEL TÍTULO
Título Materialismo y religión
Resto del título : ciencias de la vida en la Europa ilustrada /
Mención de responsabilidad, etc. Javier Moscoso.
250 ## - MENCION DE EDICION
Mención de edición 1ª ed.
260 ## - PUBLICACIÓN, DISTRIBUCIÓN, ETC.
Lugar de publicación, distribución, etc. Barcelona :
Nombre del editor, distribuidor, etc. Ediciones del Serbal,
Fecha de publicación, distribución, etc. 2000.
300 ## - DESCRIPCIÓN FÍSICA
Extensión 187 p. ;
Dimensiones 24 cm.
490 1# - MENCIÓN DE SERIE
Mención de serie La estrella polar ;
Designación de volumen o secuencia 23
504 ## - NOTA DE BIBLIOGRAFÍA, ETC.
Nota de bibliografía, etc. Bibliografía: p. [173]-187.
650 14 - PUNTO DE ACCESO ADICIONAL DE MATERIA--TÉRMINO DE MATERIA
Término de materia o nombre geográfico como elemento de entrada Materialismo-
Subdivisión cronológica S.XVIII.
9 (RLIN) 14848
650 #4 - PUNTO DE ACCESO ADICIONAL DE MATERIA--TÉRMINO DE MATERIA
Término de materia o nombre geográfico como elemento de entrada Religión y ciencia-
Subdivisión cronológica S.XVIII.
9 (RLIN) 16809
830 0# - PUNTO DE ACCESO ADICIONAL DE SERIE-TÍTULO UNIFORME
Título uniforme La estrella polar ;
Designación de volumen o secuencia 23
9 (RLIN) 189927
852 ## - LOCALIZACIÓN
Ubicación ES-MaACL
Número de control de estantería L-25025
Sublocalización o colección R.130402
Holdings
Estatus retirado Estado de pérdida Estado de daño No para préstamo Biblioteca de origen Biblioteca actual Ubicación en estantería Fecha de adquisición Fuente de adquisición Total de préstamos Signatura topográfica completa Código de barras Visto por última vez Precio de reemplazo Tipo de ítem Koha
        Biblioteca del Ateneo de Madrid Biblioteca del Ateneo de Madrid Depósito 2 17/01/2008     L-25025 1018763 23/02/2023 23/02/2023 Libro impreso